000 00293nam a2200121Ia 4500
008 211105s9999 xx 000 0 und d
020 _aVYASA10475
100 _aHadfield Geoffrey
245 0 _aRecent Advances In Pathology
250 _a\N
260 _bJ.& A.Churchill Ltd
_c\N
300 _a363p.
999 _c3393
_d3393